|
|
|
|
| LEADER |
00986ncm a2200265 a 4500 |
| 001 |
000424028 |
| 003 |
CZ BrMZK |
| 005 |
20180926131511.0 |
| 008 |
010907s1997 xr f cze d |
| 015 |
|
|
|a cnb000631630
|
| 028 |
0 |
3 |
|a DH 067
|b Michal Steranka
|
| 040 |
|
|
|a BOA001
|b cze
|
| 080 |
|
|
|a 788.085
|2 MRF
|
| 100 |
1 |
|
|a Svoboda, Pavel,
|d 1964-
|7 mzk2005286480
|4 cmp
|
| 245 |
1 |
0 |
|a Pomněnky
|h [hudebnina] :
|b waltz /
|c [hudba] Pavel Svoboda, [text] Václav Babula
|
| 260 |
|
|
|a Křižanovice :
|b Michal Steranka,
|c c1997
|
| 300 |
|
|
|a 1 řídící hlas ;
|c 15 x 20 cm +
|e 18 hlasů
|
| 490 |
1 |
|
|a Dechová hudba
|
| 653 |
0 |
|
|a dechový orchestr
|a orchestrální waltzy
|a písně s dechovým orchestrem
|
| 700 |
1 |
|
|a Babula, Václav,
|d 1938-2008
|7 jk01010509
|4 lyr
|
| 830 |
|
0 |
|a Dechová hudba (Steranka)
|
| 910 |
|
|
|a BOA001
|b Mus1-1067.939
|
| 964 |
|
|
|a Orchestr dechový
|x HUD
|
| 990 |
|
|
|a MU
|
| 996 |
6 |
|
|b 2610107326
|c Mus1-1067.939
|l MZK
|r Sklad / do 1 hodiny
|n 3
|p p.v.
|w 000424028
|u 000010
|a 1
|e BOA001
|j MZK50
|s P
|